[Event "Championnat de Paris open Fide"]
[Site "Paris"]
[Date "2016.07.11"]
[Round "3.9"]
[White "Fedorchuk, Sergey A"]
[Black "Micottis, Dorian"]
[Result "1/2-1/2"]
[WhiteElo "2624"]
[BlackElo "2248"]
[PlyCount "138"]
[EventDate "2016.??.??"]

1. e4 c5 2. Nf3 e6 3. d4 cxd4 4. Nxd4 a6 5. Nc3 Qc7 6. Be2 Nf6 7. O-O Bb4 8.
Qd3 Nc6 9. Bg5 Nxd4 10. Qxd4 Bc5 11. Qd3 b5 12. a3 Bb7 13. Rad1 Bc6 14. Kh1 Be7
15. f4 d5 16. e5 Ne4 17. Bxe7 Qxe7 18. f5 Qh4 19. fxe6 fxe6 20. Qe3 d4 21. Qf3
O-O-O 22. Nxe4 Qxe4 23. Qxe4 Bxe4 24. Rf7 Bxc2 25. Rc1 d3 26. Bxd3 Rxd3 27.
Rxc2+ Kd8 28. h3 Rd7 29. Rxd7+ Kxd7 30. Rd2+ Ke7 31. Rd6 Rd8 32. Rxa6 Rd5 33.
Ra7+ Kf8 34. Kg1 Rxe5 35. Kf2 Rc5 36. Kf3 Rc2 37. b4 h5 38. Ra5 Kf7 39. Rxb5
Rc3+ 40. Kf4 Rxa3 41. Rxh5 Kf6 42. Rb5 Ra1 43. Rb8 Rb1 44. h4 Rc1 45. g4 Rc4+
46. Kf3 Rc3+ 47. Ke2 Rc4 48. g5+ Kg6 49. Kd3 Rxh4 50. Kc3 Kxg5 51. b5 Rh1 52.
b6 Rb1 53. Kc4 Kg4 54. Kc5 g5 55. Ra8 Kf3 56. Ra3+ Kf2 57. Ra4 Kf3 58. Rb4 Rc1+
59. Kd6 Rc8 60. Rb3+ Kf4 61. b7 Rb8 62. Kc7 Rxb7+ 63. Rxb7 g4 64. Kd6 g3 65.
Rb1 g2 66. Kxe6 Kf3 67. Kf5 Kf2 68. Kf4 g1=Q 69. Rxg1 Kxg1 1/2-1/2

[Event "Championnat de Paris open Fide"]
[Site "Paris"]
[Date "2016.07.11"]
[Round "3.10"]
[White "Satyapragyan, Swayangsu"]
[Black "Aranaz Murillo, Amalia"]
[Result "1-0"]
[WhiteElo "2467"]
[BlackElo "2255"]
[PlyCount "47"]
[EventDate "2016.??.??"]

1. e4 c6 2. d4 d5 3. e5 Bf5 4. h4 h6 5. g4 Bd7 6. Nc3 Qc8 7. Bh3 h5 8. gxh5 Nh6
9. Bxd7+ Qxd7 10. Bxh6 Rxh6 11. Qf3 e6 12. O-O-O b5 13. Nh3 a5 14. Ng5 a4 15.
Ne2 Na6 16. Qg4 Ra7 17. Rh3 Qc8 18. Kb1 Nc7 19. Rf3 Na8 20. Rf4 Rc7 21. Rd3 Nb6
22. Rdf3 Nc4 23. Kc1 Qa6 24. Nxf7 1-0

[Event "Championnat de Paris open Fide"]
[Site "Paris"]
[Date "2016.07.11"]
[Round "3.11"]
[White "Roser, Kevin"]
[Black "Gahan M G"]
[Result "0-1"]
[WhiteElo "2394"]
[BlackElo "2249"]
[PlyCount "254"]
[EventDate "2016.??.??"]

1. e4 c5 2. Nf3 e6 3. d4 cxd4 4. Nxd4 a6 5. Bd3 Bc5 6. Nb3 Ba7 7. Qe2 d6 8. f4
Nc6 9. Be3 Nf6 10. O-O O-O 11. Nc3 Qc7 12. Kh1 b5 13. Bxa7 Rxa7 14. a4 b4 15.
Nd1 e5 16. Ne3 Be6 17. fxe5 Nxe5 18. Nd4 Qc5 19. Ndf5 a5 20. Qf2 Bxf5 21. Nxf5
Qxf2 22. Rxf2 d5 23. exd5 Nxd3 24. cxd3 Nxd5 25. Rc1 g6 26. Nd4 Nb6 27. Nc6 Rc7
28. Rfc2 Re8 29. h3 b3 30. Rc3 Nxa4 31. Rxb3 Re6 32. Ra1 Nc5 33. Rb8+ Kg7 34.
Nd4 Re3 35. Rc1 Na6 36. Rxc7 Nxc7 37. Nb3 Na6 38. Rb6 a4 39. Na5 Nc5 40. d4 Ne4
41. Nc4 Rd3 42. Rb4 Rxd4 43. Rxa4 Nc5 44. Rb4 h5 45. b3 h4 46. Kg1 Re4 47. Kf2
f5 48. Rb5 Nd3+ 49. Kf3 Kf6 50. Rd5 Nf4 51. Rd6+ Kg5 52. Rd2 Re1 53. Nb2 Rf1+
54. Ke3 Rg1 55. Kf3 Rc1 56. Nd1 Rb1 57. Nb2 Rc1 58. Nd1 Ra1 59. Rd4 Ne6 60. Rd6
Kf6 61. Rd3 Rb1 62. Kf2 Nf4 63. Rf3 Kg5 64. Nc3 Rb2+ 65. Kf1 Nxg2 66. Ne2 f4
67. Kxg2 Rxe2+ 68. Kf1 Rb2 69. Rc3 Kh5 70. Kg1 g5 71. Kf1 Kg6 72. Kg1 Rd2 73.
Rc6+ Kf5 74. Rc5+ Kf6 75. b4 Rd3 76. Kg2 Rg3+ 77. Kh2 Rb3 78. b5 f3 79. Kg1 f2+
80. Kxf2 Rxh3 81. Kg2 Rg3+ 82. Kh2 Rb3 83. Kg2 Kg6 84. Rc6+ Kh5 85. b6 Rb2+ 86.
Kg1 h3 87. Kh1 Kh4 88. Kg1 g4 89. Rd6 Rb1+ 90. Kf2 g3+ 91. Kf3 Rf1+ 92. Ke2 g2
93. b7 Rb1 94. Rd1 Rxd1 95. b8=Q g1=Q 96. Qh8+ Kg3 97. Qe5+ Kg4 98. Qg7+ Kf5
99. Qf7+ Ke5 100. Qe7+ Kd5 101. Qd7+ Kc4 102. Qc6+ Qc5 103. Qa6+ Qb5 104. Qc8+
Qc5 105. Qa6+ Qb5 106. Qc8+ Kb3+ 107. Kxd1 Qf1+ 108. Kd2 Qg2+ 109. Kd3 Qf1+
110. Kd2 Qf2+ 111. Kd3 Qg3+ 112. Kd2 h2 113. Qb7+ Kc4 114. Qe4+ Kc5 115. Qf5+
Kd4 116. Qd7+ Ke4 117. Qc6+ Kf4 118. Qf6+ Kg4 119. Qe6+ Kf3 120. Qe2+ Kf4 121.
Qc4+ Kg5 122. Qg8+ Kh4 123. Qh7+ Kg4 124. Qg6+ Kh3 125. Qh5+ Kg2 126. Qd5+ Kg1
127. Ke2 Qg2+ 0-1

[Event "Championnat de Paris open Fide"]
[Site "Paris"]
[Date "2016.07.11"]
[Round "3.12"]
[White "Eggleston, David J"]
[Black "Spielmann, Alain"]
[Result "1/2-1/2"]
[WhiteElo "2376"]
[BlackElo "2252"]
[PlyCount "125"]
[EventDate "2016.??.??"]

1. e4 g6 2. d4 Bg7 3. Nc3 c6 4. Nf3 d5 5. h3 dxe4 6. Nxe4 Nf6 7. Nxf6+ exf6 8.
Bc4 Qe7+ 9. Qe2 Qxe2+ 10. Bxe2 Be6 11. c4 O-O 12. O-O Re8 13. Be3 Na6 14. Rfd1
Rad8 15. a3 Bf8 16. b4 Nc7 17. Bf1 a6 18. Rd2 Kg7 19. Rad1 Bd6 20. Kh1 h6 21.
Ng1 f5 22. d5 cxd5 23. cxd5 Bd7 24. Bd4+ f6 25. Bb6 Rc8 26. Bc5 Bf4 27. Re2 Ba4
28. Rd4 Be5 29. Rdd2 Bf4 30. Rxe8 Rxe8 31. Be3 Bd6 32. Ne2 Nb5 33. Nf4 Bxf4 34.
Bxb5 Bxe3 35. Bxa4 Bxd2 36. Bxe8 Bf4 37. g3 Bd6 38. Kg2 b6 39. Kf3 a5 40. bxa5
bxa5 41. a4 g5 42. g4 fxg4+ 43. Kxg4 Kf8 44. Bh5 Ke7 45. Kf5 Be5 46. Ke4 Kd6
47. Bg4 Bb2 48. f3 Be5 49. Bh5 Bb2 50. Bf7 Bc3 51. Kd3 Be5 52. Kc4 Bf4 53. Kb5
Bd2 54. Kc4 Bf4 55. Kd4 Be5+ 56. Ke4 Bb2 57. Kf5 h5 58. f4 Bc1 59. Bxh5 Kxd5
60. Bd1 Kd6 61. Kxf6 Bxf4 62. Kf5 Bd2 63. Bb3 1/2-1/2

[Event "Championnat de Paris open Fide"]
[Site "Paris"]
[Date "2016.07.11"]
[Round "3.13"]
[White "Song, Julien"]
[Black "Maleki, Manuel"]
[Result "1-0"]
[WhiteElo "2338"]
[BlackElo "2248"]
[PlyCount "95"]
[EventDate "2016.??.??"]

1. Nf3 c5 2. c4 Nf6 3. Nc3 e6 4. e3 d5 5. d4 cxd4 6. exd4 Bb4 7. Bd3 dxc4 8.
Bxc4 Bxc3+ 9. bxc3 Qc7 10. Qd3 O-O 11. O-O b6 12. Ne5 Nbd7 13. f4 Bb7 14. Qh3
Be4 15. Bb3 Rac8 16. c4 Qb7 17. Ba3 Rfd8 18. Rfe1 Nf8 19. Rad1 Ng6 20. g3 Ne7
21. Qf1 Nf5 22. Qf2 h5 23. h3 h4 24. g4 Ng3 25. Re3 Bc2 26. Qxc2 Qh1+ 27. Kf2
Nfe4+ 28. Rxe4 Nxe4+ 29. Ke3 Qxh3+ 30. Nf3 Nf6 31. g5 Ng4+ 32. Ke4 f5+ 33. gxf6
Nxf6+ 34. Ke3 Ng4+ 35. Ke4 Rf8 36. Bxf8 Rxf8 37. Qe2 Qg3 38. Rf1 Qxf4+ 39. Kd3
h3 40. Qxe6+ Kh8 41. Qe7 Qf5+ 42. Kc3 Nh6 43. Kb2 Rf7 44. Qe8+ Rf8 45. Qe2 Qg4
46. Bd1 Nf5 47. Qd3 Nxd4 48. Nxd4 1-0

[Event "Championnat de Paris open Fide"]
[Site "Paris"]
[Date "2016.07.11"]
[Round "3.14"]
[White "Midonet, Matthieu"]
[Black "Antonio, Viani D'Cunha"]
[Result "0-1"]
[WhiteElo "2213"]
[BlackElo "2305"]
[PlyCount "63"]
[EventDate "2016.??.??"]

1. e4 c5 2. Nf3 e6 3. Qe2 Nc6 4. g3 d6 5. Bg2 g6 6. h4 h6 7. c3 Bg7 8. O-O Nge7
9. d4 cxd4 10. Nxd4 Nxd4 11. cxd4 Bxd4 12. Nc3 a6 13. Be3 Nc6 14. Rad1 e5 15.
Nd5 Be6 16. Qd2 Bxe3 17. Qxe3 Bxd5 18. Rxd5 Qe7 19. Rfd1 Rd8 20. Qd2 Nd4 21. f4
g5 22. fxe5 dxe5 23. h5 O-O 24. Qa5 Rxd5 25. exd5 Qd7 26. Qb6 Qg4 27. Rd3 Rc8
28. Qxh6 Rc1+ 29. Kh2 Nf5 30. d6 Nxh6 31. d7 Qxh5+ 32. Bh3 0-1

[Event "Championnat de Paris open Fide"]
[Site "Paris"]
[Date "2016.07.11"]
[Round "3.15"]
[White "Albaric, Etienne"]
[Black "Kulkarni, Rakesh"]
[Result "0-1"]
[WhiteElo "2209"]
[BlackElo "2296"]
[PlyCount "64"]
[EventDate "2016.??.??"]

1. e4 c5 2. Nf3 e6 3. d4 cxd4 4. Nxd4 a6 5. Nc3 Qc7 6. g3 Bb4 7. Nde2 Nf6 8.
Bg2 Be7 9. O-O Nc6 10. a4 O-O 11. h3 Rb8 12. Be3 d6 13. g4 b5 14. axb5 axb5 15.
Ng3 b4 16. Nce2 d5 17. g5 Nxe4 18. Nxe4 dxe4 19. Ng3 Rd8 20. Qh5 Nd4 21. Bxe4
g6 22. Qh4 e5 23. Rfc1 Qc4 24. Kg2 Nf5 25. Nxf5 gxf5 26. Ra7 Rd7 27. Rxd7 Bxd7
28. f3 fxe4 29. fxe4 Bc6 30. Kf3 Rf8 31. Rg1 Kh8 32. Rg2 f5 0-1

[Event "Championnat de Paris open Fide"]
[Site "Paris"]
[Date "2016.07.11"]
[Round "3.16"]
[White "Iglesias, Joachim"]
[Black "Pruvot, Louis"]
[Result "1-0"]
[WhiteElo "2281"]
[BlackElo "2216"]
[PlyCount "68"]
[EventDate "2016.??.??"]

1. d4 d5 2. Nf3 e6 3. e3 Bd6 4. Bd3 f5 5. c4 Nf6 6. c5 Be7 7. b4 O-O 8. Bb2 c6
9. Nbd2 b6 10. Ne5 Nfd7 11. Ndf3 a5 12. a3 Ba6 13. Bxa6 Nxe5 14. Nxe5 Rxa6 15.
Bc3 axb4 16. axb4 Rxa1 17. Qxa1 b5 18. Qa8 Qc8 19. Ke2 Bf6 20. Ra1 Bxe5 21.
dxe5 Rf7 22. f4 Rc7 23. Be1 Kf7 24. Bh4 Rd7 25. Kd3 Qc7 26. Kd4 h6 27. h3 Qc8
28. g4 Rc7 29. Rg1 Qe8 30. Qa2 Kf8 31. gxf5 exf5 32. Qg2 Na6 33. Qg6 Qxg6 34.
Rxg6 Nxb4 {suite illisible} 1-0

[Event "Championnat de Paris open Fide"]
[Site "Paris"]
[Date "2016.07.11"]
[Round "3.17"]
[White "Rabeyrin, Jean-Jacques"]
[Black "Rodriguez, Adrien"]
[Result "1/2-1/2"]
[WhiteElo "2239"]
[BlackElo "2322"]
[PlyCount "90"]
[EventDate "2016.??.??"]

1. e4 c5 2. Nf3 e6 3. d4 cxd4 4. Nxd4 a6 5. Bd3 Qc7 6. O-O Nf6 7. Qe2 d6 8. c4
Be7 9. Nc3 O-O 10. h3 Nfd7 11. Nf3 Nc6 12. Bf4 Bf6 13. Rac1 Nce5 14. Rfd1 Rd8
15. Nxe5 Nxe5 16. b3 Bd7 17. Bb1 Be8 18. Be3 Rac8 19. f4 Nd7 20. Na4 Qb8 21.
Nb6 Rc6 22. Nxd7 Rxd7 23. e5 dxe5 24. Rxd7 Bxd7 25. Qd3 Be8 26. Qxh7+ Kf8 27.
Be4 Rc8 28. f5 Bd7 29. Rd1 Ke7 30. fxe6 Bxe6 31. Qh5 b6 32. Bc1 b5 33. Qf3 Kf8
34. Ba3+ Be7 35. Bxe7+ Kxe7 36. Bd5 bxc4 37. bxc4 Rd8 38. Bxe6 Rxd1+ 39. Qxd1
Qb6+ 40. Kf1 Qxe6 41. Qb3 Qc6 42. Qb4+ Qd6 43. Qb7+ Ke6 44. Ke2 a5 45. Qc8+ Ke7
1/2-1/2

[Event "Championnat de Paris open Fide"]
[Site "Paris"]
[Date "2016.07.11"]
[Round "3.18"]
[White "Dubois, Loic"]
[Black "Bellahcene, Bilel"]
[Result "0-1"]
[WhiteElo "2271"]
[BlackElo "2498"]
[PlyCount "60"]
[EventDate "2016.??.??"]

1. e4 e5 2. Nf3 Nc6 3. Nc3 g6 4. Bc4 Bg7 5. d3 Na5 6. Bd5 c6 7. Bxf7+ Kxf7 8.
b4 Ne7 9. Ng5+ Kg8 10. Qf3 Qe8 11. Qg3 d6 12. bxa5 h6 13. Nf3 Be6 14. O-O Qd7
15. Rb1 Rf8 16. Be3 g5 17. Rb2 Qc7 18. Rfb1 Bc8 19. h4 g4 20. Nh2 h5 21. f3
Qxa5 22. Ne2 Ng6 23. fxg4 hxg4 24. Nxg4 Rf7 25. h5 Nf4 26. Bxf4 exf4 27. Nxf4
Qg5 28. Rxb7 Rxf4 29. Nh6+ Bxh6 30. Qxg5+ Bxg5 0-1

[Event "Championnat de Paris open Fide"]
[Site "Paris"]
[Date "2016.07.11"]
[Round "3.19"]
[White "Philippe, Guillaume"]
[Black "Alfred, Nathan S W"]
[Result "1-0"]
[WhiteElo "2321"]
[BlackElo "2264"]
[PlyCount "69"]
[EventDate "2016.??.??"]

1. c4 Nf6 2. Nf3 c6 3. b3 d5 4. Bb2 Bg4 5. e3 Nbd7 6. Be2 e6 7. O-O Bd6 8. d3
Qe7 9. Nbd2 O-O 10. cxd5 cxd5 11. e4 dxe4 12. dxe4 Bxf3 13. Bxf3 Be5 14. Qb1
Qd6 15. Bxe5 Nxe5 16. Rd1 Rfd8 17. Be2 Neg4 18. Bxg4 Nxg4 19. Nf3 Qb6 20. Qb2
h6 21. e5 Rxd1+ 22. Rxd1 Rd8 23. Rc1 h5 24. Qe2 Qa5 25. h3 Nh6 26. a4 Qd5 27.
Qc4 Qxc4 28. Rxc4 a5 29. Rc7 Rb8 30. Nd4 Nf5 31. Nb5 h4 32. Nd6 Nxd6 33. exd6
Kf8 34. d7 Ke7 35. Rc8 1-0

[Event "Championnat de Paris open Fide"]
[Site "Paris"]
[Date "2016.07.11"]
[Round "3.20"]
[White "Msellek, Ilyass"]
[Black "Louis, Thibault"]
[Result "1/2-1/2"]
[WhiteElo "2209"]
[BlackElo "2307"]
[PlyCount "81"]
[EventDate "2016.??.??"]

1. e4 c5 2. Nf3 Nc6 3. Bb5 g6 4. c3 Nf6 5. Qa4 Bg7 6. O-O O-O 7. d4 cxd4 8.
cxd4 Nxe4 9. d5 Nc5 10. Qa3 Qb6 11. Nc3 Ne5 12. Nxe5 Bxe5 13. Be3 Bxc3 14. Qxc3
Qxb5 15. Bxc5 d6 16. Be3 Re8 17. Qd4 Bf5 18. Rac1 Rac8 19. Rfd1 a6 20. h3 Rxc1
21. Rxc1 Qd3 22. Rc7 Qxd4 23. Bxd4 Be4 24. Rxb7 Bxd5 25. Ra7 e5 26. Be3 Ra8 27.
Rd7 Bxa2 28. Rxd6 Kg7 29. f4 exf4 30. Bxf4 Be6 31. Be5+ Kh6 32. Bf6 g5 33. Rd8
Rxd8 34. Bxd8 Kg6 35. h4 f6 36. hxg5 fxg5 37. Kf2 Kf5 38. g3 Kg4 39. Kg2 Bd5+
40. Kf2 h5 41. Be7 1/2-1/2

[Event "Championnat de Paris open Fide"]
[Site "Paris"]
[Date "2016.07.11"]
[Round "3.21"]
[White "Gatineau, Yovann"]
[Black "Justo, Damian"]
[Result "0-1"]
[WhiteElo "2206"]
[BlackElo "2304"]
[PlyCount "80"]
[EventDate "2016.??.??"]

1. d4 Nf6 2. Nf3 e6 3. c4 c5 4. d5 d6 5. Nc3 exd5 6. cxd5 g6 7. Bf4 Bg7 8. Qa4+
Bd7 9. Qb3 Qc7 10. e4 O-O 11. Nd2 Nh5 12. Be3 Na6 13. Be2 Rab8 14. a4 Nb4 15.
Nc4 a6 16. a5 Bb5 17. Nxb5 axb5 18. Nd2 Ra8 19. O-O Rxa5 20. Rac1 Qe7 21. f4
Nf6 22. Bf3 b6 23. Rfe1 Nd7 24. Nb1 Na2 25. Rcd1 c4 26. Qc2 Nb4 27. Qe2 Ra2 28.
e5 Nd3 29. Rxd3 cxd3 30. Qxd3 dxe5 31. d6 Qf6 32. Qxb5 exf4 33. Bc1 Qxd6 34.
Kh1 Nc5 35. Rd1 Qb8 36. b4 Ne6 37. Bd5 Rd8 38. Re1 Ra1 39. Na3 Qe5 40. Nc2 Rxc1
0-1

[Event "Championnat de Paris open Fide"]
[Site "Paris"]
[Date "2016.07.11"]
[Round "3.22"]
[White "Salles, Louis"]
[Black "Kathmale, Sameer"]
[Result "1/2-1/2"]
[WhiteElo "2207"]
[BlackElo "2298"]
[PlyCount "113"]
[EventDate "2016.??.??"]

1. e4 c6 2. d4 d5 3. Nd2 dxe4 4. Nxe4 Bf5 5. Ng3 Bg6 6. h4 h6 7. Nf3 Nd7 8. h5
Bh7 9. Bd3 Bxd3 10. Qxd3 e6 11. Bd2 Ngf6 12. O-O-O Be7 13. Kb1 O-O 14. Ne4 c5
15. Bc1 Rc8 16. Nxf6+ Bxf6 17. c3 cxd4 18. Nxd4 Nc5 19. Qc2 Qa5 20. g4 Na4 21.
Rh3 Rfd8 22. Nb3 Qa6 23. Rhd3 Rxd3 24. Rxd3 b5 25. Qe2 Qc6 26. f4 Qh1 27. Qf3
Qxf3 28. Rxf3 Nc5 29. Kc2 b4 30. Nxc5 Rxc5 31. Bd2 e5 32. fxe5 Bxe5 33. Rd3
bxc3 34. Bxc3 f5 35. gxf5 Bxc3 36. bxc3 Rxf5 37. Rh3 Kf7 38. c4 g5 39. hxg6+
Kxg6 40. Kb3 h5 41. Rc3 Kf7 42. c5 Ke7 43. Kb4 h4 44. Ra3 Rh5 45. Rxa7+ Kd8 46.
Rg7 h3 47. Rg1 h2 48. Rh1 Kc7 49. Kb5 Rh8 50. Kc4 Kc6 51. Kd4 Rh4+ 52. Ke3 Kxc5
53. Kf3 Rh3+ 54. Kg2 Ra3 55. Rxh2 Rxa2+ 56. Kg3 Rxh2 57. Kxh2 1/2-1/2

[Event "Championnat de Paris open Fide"]
[Site "Paris"]
[Date "2016.07.11"]
[Round "3.23"]
[White "Eden, James"]
[Black "Kambrath, Yannick"]
[Result "1-0"]
[WhiteElo "2293"]
[BlackElo "2376"]
[PlyCount "111"]
[EventDate "2016.??.??"]

1. e4 c5 2. Nf3 d6 3. d4 cxd4 4. Nxd4 Nf6 5. Nc3 a6 6. Be2 e5 7. Nf5 Bxf5 8.
exf5 d5 9. Bg5 Bb4 10. O-O Bxc3 11. bxc3 O-O 12. Qd3 Qd6 13. Bxf6 e4 14. Qd2
gxf6 15. Bc4 Rd8 16. Rad1 Nc6 17. Bxd5 Qe5 18. c4 Qxf5 19. Qe3 Re8 20. Rfe1 Qg6
21. Rb1 Rab8 22. Rxb7 Rxb7 23. Bxc6 Rbe7 24. Bxe8 Rxe8 25. Rd1 Rc8 26. Rd4 f5
27. h3 Kg7 28. Qf4 Rc6 29. Rd5 Qe6 30. Qg5+ Qg6 31. Qd2 Qf6 32. c5 h6 33. Rd6
Qa1+ 34. Kh2 Qe5+ 35. g3 e3 36. fxe3 Rxc5 37. Rd4 Qc7 38. c4 Rxc4 39. Rxc4 Qxc4
40. Qd4+ Qxd4 41. exd4 Kf6 42. Kg2 Ke6 43. Kf3 Kd5 44. Kf4 Kxd4 45. Kxf5 a5 46.
g4 a4 47. h4 a3 48. h5 f6 49. Kxf6 Kc3 50. g5 hxg5 51. h6 Kb2 52. h7 Kxa2 53.
h8=Q g4 54. Qg8+ Kb2 55. Qb8+ Ka1 56. Qb3 1-0

[Event "Championnat de Paris open Fide"]
[Site "Paris"]
[Date "2016.07.11"]
[Round "3.24"]
[White "Duquesne, Adrien"]
[Black "Bergez, Luc"]
[Result "0-1"]
[WhiteElo "2241"]
[BlackElo "2341"]
[PlyCount "128"]
[EventDate "2016.??.??"]

1. d4 Nf6 2. c4 g6 3. Nc3 Bg7 4. e4 d6 5. Be2 O-O 6. Bg5 c5 7. d5 b5 8. cxb5 a6
9. a4 Qa5 10. Qd2 axb5 11. Bxb5 Ba6 12. f3 Bxb5 13. Nxb5 Qxb5 14. axb5 Rxa1+
15. Kf2 Nbd7 16. g3 Rb1 17. Qc2 Rxb2 18. Qxb2 Nxe4+ 19. fxe4 Bxb2 20. Bxe7 Re8
21. Bxd6 Rxe4 22. Nf3 Rb4 23. Re1 Rxb5 24. Re7 Nf6 25. Ng5 Bd4+ 26. Ke2 Rb6 27.
Nxf7 Rb2+ 28. Kd3 Rxh2 29. Ng5 Rh5 30. Ne6 Rxd5 31. Bf4 Rd7 32. Rxd7 Nxd7 33.
Nxd4 cxd4 34. Kxd4 Kf7 35. Ke4 Ke6 36. Bc7 Nf6+ 37. Kf3 Kf5 38. Bb8 Nd7 39. Bc7
Ne5+ 40. Kg2 Ke4 41. Bb8 Nd3 42. Bc7 Ke3 43. Bb6+ Ke2 44. Bc7 Ne1+ 45. Kh3 Kf3
46. Kh4 h6 47. Bd6 Ng2+ 48. Kh3 Ne3 49. Bc7 g5 50. Bb8 Nf5 51. Bc7 g4+ 52. Kh2
Kf2 53. Bb6+ Kf1 54. Ba7 h5 55. Bb8 Nd4 56. Bc7 Nf3+ 57. Kh1 Kf2 58. Bf4 Ne1
59. Bc7 Nc2 60. Kh2 Ne3 61. Bb6 Kf3 62. Kg1 Nf5 63. Bc7 Nxg3 64. Kh2 Ne2 0-1

[Event "Championnat de Paris open Fide"]
[Site "Paris"]
[Date "2016.07.12"]
[Round "4.1"]
[White "Moiseenko, Alexander"]
[Black "Abergel, Thal"]
[Result "1/2-1/2"]
[WhiteElo "2649"]
[BlackElo "2457"]
[PlyCount "55"]
[EventDate "2016.??.??"]

1. d4 Nf6 2. c4 e6 3. Nf3 d5 4. Nc3 Bb4 5. cxd5 exd5 6. Bg5 h6 7. Bh4 g5 8. Bg3
Ne4 9. Nd2 Nxg3 10. hxg3 c6 11. Qb3 Qb6 12. e3 Bf5 13. O-O-O Nd7 14. Nf3 Be7
15. Qa4 O-O-O 16. Bd3 Bxd3 17. Rxd3 h5 18. Kb1 Kb8 19. Qc2 Qc7 20. Na4 Qd6 21.
Nc5 Nxc5 22. dxc5 Qg6 23. Rhd1 h4 24. gxh4 gxh4 25. Ne5 Qe6 26. Nf3 Qg6 27. Ne5
Qe6 28. Nf3 1/2-1/2

[Event "Championnat de Paris open Fide"]
[Site "Paris"]
[Date "2016.07.12"]
[Round "4.2"]
[White "Mohammad Nubairshah"]
[Black "Moussard, Jules"]
[Result "0-1"]
[WhiteElo "2415"]
[BlackElo "2521"]
[PlyCount "110"]
[EventDate "2016.??.??"]

1. d4 g6 2. c4 Bg7 3. e4 d6 4. Nc3 e5 5. dxe5 Bxe5 6. Nf3 Bxc3+ 7. bxc3 Nf6 8.
Bd3 Bg4 9. c5 Nc6 10. Rb1 Rb8 11. O-O O-O 12. cxd6 Qxd6 13. Bc2 Qe6 14. h3 Bh5
15. Bf4 Rfd8 16. Qe2 Nd5 17. Bd2 Ne5 18. exd5 Nxf3+ 19. Qxf3 Bxf3 20. dxe6 Rxd2
21. exf7+ Kxf7 22. Bb3+ Bd5 23. Rfd1 Rxd1+ 24. Rxd1 Bxb3 25. axb3 Ke6 26. g4 a5
27. Kg2 b5 28. Kf3 a4 29. bxa4 bxa4 30. Ra1 Ra8 31. Ke4 a3 32. c4 g5 33. Ra2 c5
34. f4 gxf4 35. Kxf4 Ra4 36. Ke3 Ke5 37. Kd3 Kf4 38. Kc3 Kg3 39. Kb3 Ra8 40.
Rxa3 Rxa3+ 41. Kxa3 Kxh3 42. Ka4 Kxg4 43. Kb5 h5 44. Kxc5 h4 45. Kd6 h3 46. c5
h2 47. c6 h1=Q 48. c7 Qb7 49. Kd7 Kf5 50. Kd8 Kf6 51. Kd7 Kf7 52. Kd8 Qd5+ 53.
Kc8 Qa8+ 54. Kd7 Qe8+ 55. Kd6 Qc8 0-1

[Event "Championnat de Paris open Fide"]
[Site "Paris"]
[Date "2016.07.12"]
[Round "4.3"]
[White "Shirazi, Kamran"]
[Black "Loiseau, Quentin"]
[Result "1/2-1/2"]
[WhiteElo "2350"]
[BlackElo "2436"]
[PlyCount "100"]
[EventDate "2016.??.??"]

1. e4 e5 2. Nf3 Nc6 3. Bb5 a6 4. Ba4 Nf6 5. d3 d6 6. c4 g6 7. Nc3 Bg7 8. d4 O-O
9. Bxc6 exd4 10. Nxd4 bxc6 11. O-O c5 12. Nde2 Re8 13. f3 a5 14. Bg5 Ba6 15. b3
h6 16. Bh4 Qb8 17. Qd2 Nd7 18. Rab1 Qa7 19. a4 Bb7 20. Rfd1 Bc6 21. Kh1 Qb7 22.
Nd5 Kh7 23. Nec3 Re6 24. Bf2 Nf6 25. Nb5 Bxb5 26. cxb5 Nxd5 27. exd5 Re5 28.
Bg3 Rf5 29. Bf2 Re5 30. f4 Re4 31. Re1 Rae8 32. Rxe4 Rxe4 33. Re1 Rxe1+ 34.
Bxe1 Bd4 35. Qd3 Qxd5 36. Bxa5 Qe6 37. h3 h5 38. Kh2 h4 39. Qf3 f5 40. Bc3 Bxc3
41. Qxc3 Qe2 42. b4 Qe4 43. bxc5 Qxf4+ 44. Kg1 Qxa4 45. b6 Qc6 46. Qe3 cxb6 47.
Qe7+ Kg8 48. cxd6 Qc1+ 49. Kf2 Qd2+ 50. Kg1 Qc1+ 1/2-1/2

[Event "Championnat de Paris open Fide"]
[Site "Paris"]
[Date "2016.07.12"]
[Round "4.4"]
[White "Cotonnec, Melkior"]
[Black "Hemant, Sharma Del"]
[Result "0-1"]
[WhiteElo "2313"]
[BlackElo "2299"]
[PlyCount "100"]
[EventDate "2016.??.??"]

1. e4 c5 2. Nf3 Nc6 3. d4 cxd4 4. Nxd4 g6 5. c4 Bg7 6. Be3 Nf6 7. Nc3 O-O 8.
Be2 d6 9. O-O Bd7 10. Qd2 Nxd4 11. Bxd4 Bc6 12. f3 Nd7 13. Bf2 a5 14. b3 Nc5
15. Rab1 e6 16. Bd1 Qf6 17. Ne2 Rfd8 18. Be3 Qe7 19. Nc3 Qf6 20. Ne2 Qe7 21.
Nc3 Qf6 22. Rc1 h6 23. Be2 Kh7 24. Rfd1 Qh4 25. Bf2 Qe7 26. Bf1 Be5 27. g3 f5
28. exf5 gxf5 29. Bg2 Qg7 30. Ne2 Rg8 31. Nf4 Rae8 32. Re1 Bxf4 33. Qxf4 Nd3
34. Qxd6 Nxc1 35. Rxc1 e5 36. Re1 Qd7 37. Qc5 e4 38. Bh3 Rgf8 39. fxe4 Bxe4 40.
Qxa5 Qd3 41. Qc7+ Kg8 42. Qb6 Bc6 43. Qa5 Rxe1+ 44. Qxe1 Re8 45. Qf1 Re2 46.
Bg2 Bxg2 47. Qxg2 Rxa2 48. Qxb7 Ra1+ 49. Kg2 Qf1+ 50. Kf3 Qh1+ 0-1

[Event "Championnat de Paris open Fide"]
[Site "Paris"]
[Date "2016.07.12"]
[Round "4.5"]
[White "Antonio, Viani D'Cunha"]
[Black "Satyapragyan, Swayangsu"]
[Result "1/2-1/2"]
[WhiteElo "2305"]
[BlackElo "2467"]
[PlyCount "81"]
[EventDate "2016.??.??"]

1. e4 e5 2. Nf3 Nc6 3. Bc4 Nf6 4. d3 Be7 5. O-O O-O 6. Bb3 d6 7. c3 Na5 8. Bc2
c5 9. Nbd2 Nc6 10. Re1 Re8 11. Nc4 h6 12. h3 Be6 13. Ne3 Bf8 14. d4 exd4 15.
cxd4 Bd7 16. Nf1 cxd4 17. Nxd4 Nxd4 18. Qxd4 Rc8 19. Bb3 Qb6 20. Qxb6 axb6 21.
f3 d5 22. e5 Bc6 23. Bf4 Nd7 24. Ne3 Nxe5 25. Nxd5 Nd3 26. Rxe8 Rxe8 27. Rd1
Nxb2 28. Rd2 Na4 29. Kh2 b5 30. Nc7 Rc8 31. Ne6 Nc5 32. Nxf8 Nxb3 33. axb3 Rxf8
34. b4 Re8 35. Bd6 Re1 36. h4 Kh7 37. Bc5 Re6 38. Kg3 Rg6+ 39. Kf2 Re6 40. Re2
Rxe2+ 41. Kxe2 1/2-1/2

[Event "Championnat de Paris open Fide"]
[Site "Paris"]
[Date "2016.07.12"]
[Round "4.6"]
[White "Kulkarni, Rakesh"]
[Black "Sundararajan, Kidambi"]
[Result "1/2-1/2"]
[WhiteElo "2296"]
[BlackElo "2456"]
[PlyCount "131"]
[EventDate "2016.??.??"]

1. e4 e6 2. d4 d5 3. Nd2 c5 4. exd5 Qxd5 5. dxc5 Nf6 6. Ngf3 Qxc5 7. Bd3 Nbd7
8. O-O Qc7 9. Nb3 Bd6 10. Qe2 O-O 11. Bg5 Bf4 12. Rfe1 b6 13. Rad1 Bb7 14. Bh4
Bxf3 15. Qxf3 Bxh2+ 16. Kh1 Be5 17. c3 Nc5 18. Nxc5 Qxc5 19. Re3 h5 20. b4 Qc7
21. Bxf6 Bxf6 22. Bh7+ Kxh7 23. Qxh5+ Kg8 24. Rh3 Bh4 25. Qxh4 f5 26. Qh7+ Kf7
27. Qh5+ Kf6 28. Qh4+ Kf7 29. Qh5+ Kf6 30. Qh7 Rad8 31. Rh6+ gxh6 32. Qxc7
Rxd1+ 33. Kh2 Rf7 34. Qf4 Rdd7 35. Qxh6+ Ke5 36. Qe3+ Kf6 37. g3 Rh7+ 38. Kg2
e5 39. a4 e4 40. Qf4 Rh5 41. Qb8 Rhh7 42. c4 Rc7 43. Qd8+ Rhe7 44. Qd6+ Kg5 45.
c5 bxc5 46. bxc5 Red7 47. Qf4+ Kg6 48. Qe5 Kg5 49. Qe8 Kf6 50. Qf8+ Ke5 51.
Qh8+ Ke6 52. Qh6+ Ke5 53. c6 Rd6 54. Qf4+ Ke6 55. g4 fxg4 56. Qxe4+ Kf6 57.
Qf4+ Ke6 58. Qe4+ Kf6 59. Qf4+ Ke6 60. Qxg4+ Kd5 61. Qf5+ Kd4 62. Qf4+ Kd5 63.
Qf5+ Kd4 64. f4 Rcxc6 65. Qe5+ Kd3 66. Kf3 1/2-1/2

[Event "Championnat de Paris open Fide"]
[Site "Paris"]
[Date "2016.07.12"]
[Round "4.7"]
[White "Iglesias, Joachim"]
[Black "Sochacki, Christophe"]
[Result "0-1"]
[WhiteElo "2281"]
[BlackElo "2414"]
[PlyCount "66"]
[EventDate "2016.??.??"]

1. d4 Nf6 2. Nf3 g6 3. b4 Bg7 4. Bb2 d6 5. e3 O-O 6. c4 c5 7. bxc5 dxc5 8. d5
e6 9. dxe6 Qxd1+ 10. Kxd1 Bxe6 11. Be2 Nc6 12. Kc1 Rfd8 13. Rd1 Nb4 14. Rxd8+
Rxd8 15. Ne1 Ne4 16. Bxg7 Kxg7 17. f3 Nd6 18. Nd2 b6 19. a3 Nc6 20. Ra2 b5 21.
Nd3 Bxc4 22. Nxc4 Nxc4 23. Nxc5 Nxe3 24. g3 Nd4 25. Kd2 Nd5 26. Rb2 Re8 27.
Bxb5 Nxf3+ 28. Kd3 Rc8 29. Na4 Nf6 30. Ke3 Nxh2 31. Be2 Nhg4+ 32. Bxg4 Nxg4+
33. Kd4 Rd8+ 0-1